Contemporary social reform movements : principles and readings /

Bibliographic Details
Main Author: Nordskog, John Eric, 1893-1974
Format: Book
Language:English
Published: New York : Scribner, [1954]
Subjects:

MARC

Tag First Indicator Second Indicator Subfields
LEADER 00000cam a2200000 4500
001 in00000067536
005 20151007083749.0
008 760916s1954 nyu b 00010 eng
010 |a  54006045  
035 |a (OCoLC)02435268 
035 |9 AAF9841AM 
040 |a DLC  |c ADA  |d TXA  |d UtOrBLW 
049 |a TXAM  |c [245281] 
050 0 |a HN18  |b .N63 
092 |a 304  |b N832c 
100 1 |a Nordskog, John Eric,  |d 1893-1974. 
245 1 0 |a Contemporary social reform movements :  |b principles and readings /  |c Selected and edited with analytical introductions by John Eric Nordskog. 
264 1 |a New York :  |b Scribner,  |c [1954] 
300 |a  550 pages ;  |c 24 cm. 
336 |a text  |b txt  |2 rdacontent 
337 |a unmediated  |b n  |2 rdamedia 
338 |a volume  |b nc  |2 rdacarrier 
504 |a Includes bibliography. 
650 0 |a Social policy. 
651 0 |a United States  |x Social policy. 
999 |a MARS 
999 f f |s 660d25a3-de97-3008-98a1-d75e85c0427c  |i 548e7029-30dd-3edd-8fa9-60b327bb0bc1  |t 0 
952 f f |p ric  |a Texas A&M University  |b Rellis Campus  |c Joint Library Facility  |d Remote Storage  |t 0  |e HN18 .N63  |h Library of Congress classification  |i unmediated -- volume  |m A14800645271 
998 f f |a HN18 .N63  |t 0  |l Remote Storage